Brilliant Communication Skills, revised 1st edition / (Record no. 695)
[ view plain ]
| 000 -LEADER | |
|---|---|
| fixed length control field | 02489uam a2200493 i 4500 |
| 001 - CONTROL NUMBER | |
| control field | 9781292081076 |
| 003 - CONTROL NUMBER IDENTIFIER | |
| control field | CaSebORM |
| 005 - DATE AND TIME OF LATEST TRANSACTION | |
| control field | 20210616144054.0 |
| 006 - FIXED-LENGTH DATA ELEMENTS--ADDITIONAL MATERIAL CHARACTERISTICS | |
| fixed length control field | m o d |
| 007 - PHYSICAL DESCRIPTION FIXED FIELD--GENERAL INFORMATION | |
| fixed length control field | cr cn |
| 008 - FIXED-LENGTH DATA ELEMENTS--GENERAL INFORMATION | |
| fixed length control field | 190115s2015 xx eo 0 eng d |
| 020 ## - INTERNATIONAL STANDARD BOOK NUMBER | |
| International Standard Book Number | 9781292081076 |
| 024 8# - OTHER STANDARD IDENTIFIER | |
| Standard number or code | 9781292081076 |
| 035 ## - SYSTEM CONTROL NUMBER | |
| System control number | (CaSebORM)9781292081076 |
| 040 ## - CATALOGING SOURCE | |
| Transcribing agency | ALUPE UNIVERSITY |
| 050 ## - LIBRARY OF CONGRESS CALL NUMBER | |
| Classification number | P94.7 |
| Item number | .H27 2015 |
| 100 1# - MAIN ENTRY--PERSONAL NAME | |
| Personal name | Hasson, Gill, |
| Relator term | author. |
| 245 10 - TITLE STATEMENT | |
| Title | Brilliant Communication Skills, revised 1st edition / |
| Statement of responsibility, etc. | Hasson, Gill. |
| 250 ## - EDITION STATEMENT | |
| Edition statement | 1st edition |
| 264 #1 - PRODUCTION, PUBLICATION, DISTRIBUTION, MANUFACTURE, AND COPYRIGHT NOTICE | |
| Place of production, publication, distribution, manufacture | [Place of publication not identified] : |
| Name of producer, publisher, distributor, manufacturer | Pearson Business, |
| Date of production, publication, distribution, manufacture, or copyright notice | 2015. |
| 300 ## - PHYSICAL DESCRIPTION | |
| Extent | 1 online resource (192 pages) |
| 336 ## - CONTENT TYPE | |
| Content type term | text |
| Content type code | txt |
| Source | rdacontent |
| 337 ## - MEDIA TYPE | |
| Media type term | computer |
| Media type code | c |
| Source | rdamedia |
| 338 ## - CARRIER TYPE | |
| Carrier type term | online resource |
| Carrier type code | cr |
| Source | rdacarrier |
| 347 ## - DIGITAL FILE CHARACTERISTICS | |
| File type | text file |
| 365 ## - TRADE PRICE | |
| Price amount | 12.74 |
| 490 1# - SERIES STATEMENT | |
| Series statement | Brilliant |
| 520 ## - SUMMARY, ETC. | |
| Summary, etc. | What does it take to be a successful communicator? Just about every job requires excellent communication skills. To get ahead at work you need to be able to express yourself clearly and understand the feelings, needs and intentions of others. So how can you make sure other people understand you and that you respond appropriately to other people? Whether it's giving a presentation, getting your point across in a meeting, or understanding the effects of body language, the proven tips and techniques provided in this book will get you communicating more effectively and successfully in no time! Explain yourself clearly, and get your point across easily Know what to say to help others open up to you Feel confident about communicating with a wide range of people |
| 533 ## - REPRODUCTION NOTE | |
| Type of reproduction | Electronic reproduction. |
| Place of reproduction | Boston, MA : |
| Agency responsible for reproduction | Safari, |
| Note about reproduction | Available via World Wide Web. |
| Date of reproduction | 2014. |
| 538 ## - SYSTEM DETAILS NOTE | |
| System details note | Mode of access: World Wide Web. |
| 542 ## - INFORMATION RELATING TO COPYRIGHT STATUS | |
| Copyright statement | Copyright © Pearson 2014 |
| Copyright date | 2014 |
| 550 ## - ISSUING BODY NOTE | |
| Issuing body note | Made available through: Safari, an O'Reilly Media Company. |
| 588 0# - SOURCE OF DESCRIPTION NOTE | |
| Source of description note | Online resource; Title from title page (viewed January 20, 2015) |
| 650 #0 - SUBJECT ADDED ENTRY--TOPICAL TERM | |
| Topical term or geographic name entry element | Business communication. |
| 650 #0 - SUBJECT ADDED ENTRY--TOPICAL TERM | |
| Topical term or geographic name entry element | Communication. |
| 653 ## - INDEX TERM--UNCONTROLLED | |
| Uncontrolled term | Communications |
| 655 #7 - INDEX TERM--GENRE/FORM | |
| Genre/form data or focus term | Electronic books. |
| Source of term | local |
| 710 2# - ADDED ENTRY--CORPORATE NAME | |
| Corporate name or jurisdiction name as entry element | O'Reilly for Higher Education (Firm), |
| Relator term | distributor. |
| 710 2# - ADDED ENTRY--CORPORATE NAME | |
| Corporate name or jurisdiction name as entry element | Safari, an O'Reilly Media Company. |
| 830 #0 - SERIES ADDED ENTRY--UNIFORM TITLE | |
| Uniform title | Brilliant. |
| 856 40 - ELECTRONIC LOCATION AND ACCESS | |
| Public note | Access online |
| Uniform Resource Identifier | <a href="https://ezproxy.torontopubliclibrary.ca/login?url=https://learning.oreilly.com/library/view/-/9781292081076/">https://ezproxy.torontopubliclibrary.ca/login?url=https://learning.oreilly.com/library/view/-/9781292081076/</a> |
| 902 ## - LOCAL DATA ELEMENT B, LDB (RLIN) | |
| a | eBook |
| 942 ## - ADDED ENTRY ELEMENTS (KOHA) | |
| Source of classification or shelving scheme | |
| Koha item type | Book |
| Withdrawn status | Lost status | Source of classification or shelving scheme | Damaged status | Not for loan | Permanent Location | Current Location | Shelving location | Date acquired | Source of acquisition | Cost, normal purchase price | Total Checkouts | Full call number | Barcode | Date last seen | Date last checked out | Cost, replacement price | Price effective from | Koha item type | Public note |
|---|---|---|---|---|---|---|---|---|---|---|---|---|---|---|---|---|---|---|---|
| AU LIBRARY | AU LIBRARY | Open Shelf | 16.06.2021 | 1 | 1.00 | 7 | P94.7 .H27 2015 | 28003932 | 22.02.2024 | 08.02.2024 | 1.00 | 16.06.2021 | Book | MW |